Nommez les pays du monde avec la meilleure cuisine - Statistiques

Statistiques générales
  • Ce quiz a été pris 394 fois
  • Le résultat moyen est 7 sur 10
Statistiques - réponses
Réponse % Correct
France
99%
Italie
96%
Japon
92%
Chine
89%
Espagne
89%
Mexique
64%
Portugal
58%
Grèce
52%
Indonésie
15%
Pérou
13%
Aucun quiz correspondant
Distribution des résultats
% des personnes avec chaque résultat
Percentile par nombre de réponses
Votre historique - résultats
Vous n’avez pas pris ce quiz